000 00308nam a2200121Ia 4500
008 231129s9999||||xx |||||||||||||| ||spa||
020 _a84-261-1577-2
040 _bspa
082 _aR(i) 036.1 N962m
245 0 _aNuestro Mundo
264 _aJuventud
942 _2ddc
_cBKS
999 _c21849
_d21849